Beat the band (Record no. 797013)

MARC details
000 -LEADER
fixed length control field 00459nam a22001817a 4500
003 - CONTROL NUMBER IDENTIFIER
control field 3228
005 - DATE AND TIME OF LATEST TRANSACTION
control field 20260422114744.0
008 - FIXED-LENGTH DATA ELEMENTS--GENERAL INFORMATION
fixed length control field 260422b sa ||||| |||| 00| 0 eng d
020 ## - INTERNATIONAL STANDARD BOOK NUMBER
International Standard Book Number <a href="9781848770577">9781848770577</a>
Qualifying information (pbk)
040 ## - CATALOGING SOURCE
Original cataloging agency MPL
Transcribing agency 3228
041 ## - LANGUAGE CODE
Language English
082 #0 - DEWEY DECIMAL CLASSIFICATION NUMBER
Classification number 33228024714600
942 ## - ADDED ENTRY ELEMENTS
Creator ID 282
Creator Name Emmerencia Nonyane
Modifier ID 282
Modifier Name Emmerencia Nonyane
100 ## - MAIN ENTRY--PERSONAL NAME
Personal name Calame, Don Dorking, 2012
245 ## - TITLE STATEMENT
Title Beat the band
260 ## - PUBLICATION, DISTRIBUTION, ETC.
Place of publication, distribution, etc. New York:
Name of publisher, distributor, etc. Templar,
Date of publication, distribution, etc. 2012.
300 ## - PHYSICAL DESCRIPTION
Extent 432 Pages
Other physical details Illustrtions
Dimensions 19 cm
942 ## - ADDED ENTRY ELEMENTS
Source of classification or shelving scheme Dewey Decimal Classification
item type Book
Holdings
Withdrawn status Lost status Source of classification or shelving scheme Damaged status Not for loan Home library Current library Shelving location Date acquired Total Checkouts Full call number Barcode Date last seen Price effective from item type
    Dewey Decimal Classification     Sabie Public Library (Closed for renovations) Sabie Public Library (Closed for renovations) Fiction 22.04.2026   33228024714600 3322802471460 22.04.2026 22.04.2026 Book